[Event "4NCL Online Division 5"]
[Site "online"]
[Date "2020.05.26"]
[Round "8.61"]
[White "Shah, Kian"]
[Black "Whatmore, Steve"]
[Result "1/2-1/2"]
[WhiteElo "1735"]
[BlackElo "1817"]
[PlyCount "91"]
[EventDate "2020.05.26"]
[WhiteTeam "Chess Warriors"]
[BlackTeam "Rugeley"]

1. e4 c6 2. d4 d5 3. e5 c5 4. c3 Nc6 5. Nf3 Bg4 6. h3 Bxf3 7. Qxf3 cxd4 8. cxd4
Nxd4 9. Qd3 Nc6 10. f4 e6 11. Nc3 Bb4 12. Bd2 a6 13. Be2 Nge7 14. O-O Bc5+ 15.
Kh1 O-O 16. Na4 Ba7 17. Rac1 Rc8 18. Bd1 b5 19. Nc3 Qd7 20. Bc2 Ng6 21. a3 b4
22. Ne2 bxa3 23. Qxa3 Nd4 24. Nxd4 Bxd4 25. Bb4 Rfd8 26. Rfd1 Qa7 27. Qd3 Be3
28. Bd2 Bxd2 29. Qxd2 Qb6 30. Bxg6 hxg6 31. Rxc8 Rxc8 32. Ra1 Rc4 33. Ra3 Rb4
34. Rxa6 Rxb2 35. Rxb6 Rxd2 36. Rb4 Rc2 37. Rb8+ Kh7 38. Rb7 d4 39. Rxf7 d3 40.
Rd7 d2 41. Kh2 Kh6 42. Rd8 Kh7 43. Kg3 Rc3+ 44. Kh4 Rc2 45. Kg3 Rc3+ 46. Kh4
1/2-1/2

[Event "4NCL Online Division 5"]
[Site "online"]
[Date "2020.05.26"]
[Round "8.62"]
[White "Carr, Matthew"]
[Black "Gurjar, Roshan"]
[Result "0-1"]
[WhiteElo "1692"]
[BlackElo "1712"]
[PlyCount "90"]
[EventDate "2020.05.26"]
[WhiteTeam "Rugeley"]
[BlackTeam "Chess Warriors"]

1. e4 c5 2. Nc3 d6 3. f4 Nf6 4. Nf3 Nc6 5. Bc4 e6 6. d3 Be7 7. O-O O-O 8. a3
Bd7 9. Qe1 Nd4 10. Nxd4 cxd4 11. Ne2 d5 12. exd5 exd5 13. Bb3 Rc8 14. Kh1 Bc5
15. f5 Re8 16. Qf2 Qc7 17. h3 h6 18. Bf4 Qb6 19. Rae1 Bb5 20. Qf3 Bc6 21. Ng3
Rxe1 22. Rxe1 Qa5 23. Re2 Qb6 24. Nh5 Nxh5 25. Qxh5 Qd8 26. Qg4 Kh7 27. Be5 Qg5
28. Qf3 Qc1+ 29. Kh2 Re8 30. f6 Rxe5 31. Rxe5 Bd6 32. Qf5+ g6 33. Qf3 Bxe5+ 34.
g3 Qxb2 35. Bxd5 Bxd5 36. Qxd5 Qxc2+ 37. Kg1 Qd1+ 38. Kh2 Qe2+ 39. Kg1 Qe1+ 40.
Kg2 Qxg3+ 41. Kf1 Qxh3+ 42. Ke2 Qe3+ 43. Kd1 Qxd3+ 44. Kc1 Bxf6 45. Qxf7+ Bg7
0-1

[Event "4NCL Online Division 5"]
[Site "online"]
[Date "2020.05.26"]
[Round "8.63"]
[White "Vyas, Alisha"]
[Black "Sullivan, Luke"]
[Result "0-1"]
[WhiteElo "1675"]
[BlackElo "1585"]
[PlyCount "98"]
[EventDate "2020.05.26"]
[WhiteTeam "Chess Warriors"]
[BlackTeam "Rugeley"]

1. e4 d6 2. d4 Nf6 3. Nc3 Nbd7 4. Nf3 e5 5. Bc4 h6 6. O-O c6 7. dxe5 dxe5 8.
Be3 Be7 9. a3 Qc7 10. b4 b5 11. Bb3 a5 12. Na2 a4 13. Bxf7+ Kxf7 14. Qd3 Rd8
15. c4 Nc5 16. Qc2 Nb3 17. Rad1 Rxd1 18. Rxd1 bxc4 19. Qxc4+ Be6 20. Qc2 Ng4
21. Qc3 Nxe3 22. Nxe5+ Kg8 23. fxe3 c5 24. Nf3 Rd8 25. Rf1 Qb8 26. Ne5 cxb4 27.
Nxb4 Bxb4 28. axb4 Qd6 29. Nc4 Qc6 30. Rf3 Rd1+ 31. Kf2 Qxc4 32. Qe5 Nd2 33.
Rf4 Qf1+ 34. Kg3 Qe1+ 35. Rf2 Qxe3+ 36. Rf3 Qg5+ 37. Qxg5 hxg5 38. Ra3 Nxe4+
39. Kf3 Bd5 40. Ke2 Rb1 41. Rd3 Bc4 42. Ke3 Bxd3 43. Kxd3 a3 44. Kxe4 a2 45. h4
Rxb4+ 46. Kf5 a1=Q 47. hxg5 Qa5+ 48. Kg6 Rg4 49. g3 Qxg5# 0-1

[Event "4NCL Online Division 5"]
[Site "online"]
[Date "2020.05.26"]
[Round "8.64"]
[White "Wood, Ryan"]
[Black "Gurjar, Siena"]
[Result "1-0"]
[WhiteElo "1322"]
[BlackElo "1382"]
[PlyCount "59"]
[EventDate "2020.05.26"]
[WhiteTeam "Rugeley"]
[BlackTeam "Chess Warriors"]

1. d4 d5 2. Bf4 Nf6 3. e3 Bf5 4. c4 c6 5. Nc3 e6 6. Qb3 Qb6 7. Nf3 Qxb3 8. axb3
Na6 9. cxd5 cxd5 10. Bxa6 bxa6 11. Rxa6 Bb4 12. O-O O-O 13. Rfa1 Rac8 14. Bd6
Bxd6 15. Rxd6 Bc2 16. b4 Rb8 17. b5 Bd3 18. Ra5 Rb7 19. Ne5 Bc2 20. Rda6 Ra8
21. b6 Kf8 22. Rxa7 Rbxa7 23. Rxa7 Rb8 24. Rxf7+ Kg8 25. Rc7 Ra8 26. Ra7 Rb8
27. b7 Rxb7 28. Ra8+ Rb8 29. Rxb8+ Ne8 30. Rxe8# 1-0

[Event "4NCL Online Division 5"]
[Site "online"]
[Date "2020.05.26"]
[Round "8.71"]
[White "Bansal, Saahil"]
[Black "O'neill, Sam"]
[Result "1/2-1/2"]
[WhiteElo "1745"]
[BlackElo "1889"]
[PlyCount "61"]
[EventDate "2020.05.26"]
[WhiteTeam "Kent KJCA Kestrels D"]
[BlackTeam "Gonzaga D"]

1. d4 Nf6 2. c4 e5 3. dxe5 Ng4 4. Nf3 Bc5 5. e3 Nc6 6. Be2 Ngxe5 7. O-O O-O 8.
Nbd2 Re8 9. b3 a5 10. Bb2 Ra6 11. Ne4 Bf8 12. c5 Nxf3+ 13. gxf3 Ra8 14. Kh1 d5
15. cxd6 cxd6 16. Rg1 Re6 17. Bc4 Rh6 18. Rg5 Be6 19. Qg1 Ne5 20. f4 Bxc4 21.
bxc4 f6 22. Nxf6+ Qxf6 23. Qg2 Rg6 24. Qxb7 Rxg5 25. Qxa8 Nd3 26. Rf1 Qxb2 27.
fxg5 Qe2 28. Qd5+ Kh8 29. Kg1 Qg4+ 30. Kh1 Qe2 31. Kg1 1/2-1/2

[Event "4NCL Online Division 5"]
[Site "online"]
[Date "2020.05.26"]
[Round "8.72"]
[White "Moran, Hugh"]
[Black "Moore, Eoin"]
[Result "1-0"]
[WhiteElo "1711"]
[BlackElo "1558"]
[PlyCount "65"]
[EventDate "2020.05.26"]
[WhiteTeam "Gonzaga D"]
[BlackTeam "Kent KJCA Kestrels D"]

1. e4 e6 2. d4 d5 3. exd5 exd5 4. Nc3 c6 5. Bd3 Bd6 6. Nge2 Qf6 7. Be3 Bf5 8.
Bxf5 Qxf5 9. Ng3 Qg6 10. Qd2 Ne7 11. Nce2 Bxg3 12. hxg3 Nd7 13. Nf4 Qd6 14. Nd3
Nb6 15. b3 Nf5 16. Nc5 Qc7 17. O-O-O Nxe3 18. Qxe3+ Kf8 19. Qf3 Kg8 20. Rde1 h6
21. Re2 Nc8 22. Re8+ Kh7 23. Qf5+ g6 24. Rxh8+ Kxh8 25. Rxh6+ Kg7 26. Qh3 Nd6
27. Rh7+ Kf6 28. Qh4+ g5 29. Qh6+ Kf5 30. g4+ Kxg4 31. Qh3+ Kf4 32. Nd3+ Ke4
33. Qg4# 1-0

[Event "4NCL Online Division 5"]
[Site "online"]
[Date "2020.05.26"]
[Round "8.73"]
[White "Brightley-Davies, Ciaran"]
[Black "Tempany, Max"]
[Result "1/2-1/2"]
[WhiteElo "1454"]
[BlackElo "1634"]
[PlyCount "126"]
[EventDate "2020.05.26"]
[WhiteTeam "Kent KJCA Kestrels D"]
[BlackTeam "Gonzaga D"]

1. e4 c5 2. Nf3 d6 3. d4 cxd4 4. Nxd4 Nf6 5. Nc3 a6 6. Bd3 e5 7. Nde2 Be7 8.
O-O O-O 9. Bg5 Be6 10. Bxf6 Bxf6 11. Nd5 Bxd5 12. exd5 Nd7 13. Ng3 g6 14. Ne4
Be7 15. c4 f5 16. Nc3 e4 17. Bc2 Ne5 18. b3 Bf6 19. Ne2 Nd3 20. Rb1 Nb4 21. a3
Nxc2 22. Qxc2 Qa5 23. a4 Rac8 24. Rfd1 Qc5 25. Qd2 Rfe8 26. Nd4 Bxd4 27. Qxd4
Qxd4 28. Rxd4 e3 29. f3 Rc7 30. Re1 b6 31. Rd3 Rce7 32. g3 g5 33. Re2 a5 34.
Kg2 f4 35. Rd4 Rf8 36. h4 Re5 37. Kh3 fxg3 38. Kxg3 gxh4+ 39. Rxh4 h5 40. f4
Re4 41. Kf3 Re7 42. Rxe3 Rxe3+ 43. Kxe3 Re8+ 44. Kf3 Re1 45. Rxh5 Rb1 46. Rh6
Rxb3+ 47. Kg4 Rb4 48. Rxd6 Rxc4 49. Rxb6 Rxa4 50. Ra6 Rd4 51. Rxa5 Kf7 52. Kf3
Ke7 53. Ke3 Rd1 54. f5 Rf1 55. Ke4 Re1+ 56. Kd4 Rf1 57. Kc5 Rxf5 58. Kc6 Rf6+
59. Kc7 Rd6 60. Rb5 Ra6 61. Rb6 Rxb6 62. Kxb6 Kd6 63. Kb5 Kxd5 1/2-1/2

[Event "4NCL Online Division 5"]
[Site "online"]
[Date "2020.05.26"]
[Round "8.74"]
[White "Murray, Sam"]
[Black "Dorman, Orla"]
[Result "1-0"]
[WhiteElo "1613"]
[BlackElo "1464"]
[PlyCount "119"]
[EventDate "2020.05.26"]
[WhiteTeam "Gonzaga D"]
[BlackTeam "Kent KJCA Kestrels D"]

1. e4 e6 2. b3 d5 3. Bb2 Nf6 4. e5 Nfd7 5. f4 c5 6. Qg4 Nc6 7. Nf3 Qc7 8. Nc3
d4 9. Nb5 Qb8 10. Nd6+ Bxd6 11. Qxg7 Rf8 12. exd6 Qxd6 13. O-O-O Nb6 14. Qxh7
Bd7 15. g3 O-O-O 16. Bg2 f5 17. Nh4 Rh8 18. Qg7 Rdg8 19. Qf6 Rf8 20. Qg5 Rfg8
21. Ng6 Be8 22. Nxh8 Rxg5 23. Bxc6 Bxc6 24. Nf7 Qe7 25. Nxg5 Bxh1 26. Rxh1 e5
27. Re1 e4 28. h4 Nd5 29. h5 Nf6 30. h6 Nh7 31. Rh1 Kd7 32. Kd1 Ke8 33. b4 b6
34. b5 Kf8 35. Nxh7+ Qxh7 36. c3 dxc3 37. Bxc3 Kf7 38. Bg7 Ke6 39. Kc2 Kd5 40.
Kb3 Kd6 41. a4 Kd5 42. Kc3 Kd6 43. d3 e3 44. Re1 Qg8 45. Rxe3 Qa2 46. Be5+ Kd7
47. h7 Qa3+ 48. Kd2 Qa2+ 49. Ke1 Qb1+ 50. Kf2 Qc2+ 51. Re2 Qxa4 52. h8=Q Qxb5
53. Qg7+ Kc6 54. Qf6+ Kb7 55. Qxf5 c4 56. Qf7+ Ka8 57. Qxc4 Qd7 58. Qe4+ Qb7
59. Qxb7+ Kxb7 60. f5 1-0

[Event "4NCL Online Division 5"]
[Site "online"]
[Date "2020.05.26"]
[Round "8.81"]
[White "Porter, Andrew"]
[Black "Millar, Stephen"]
[Result "0-1"]
[WhiteElo "1675"]
[BlackElo "1817"]
[PlyCount "52"]
[EventDate "2020.05.26"]
[WhiteTeam "Bristol University B"]
[BlackTeam "St Albans 2"]

1. d4 Nf6 2. c4 e6 3. Nf3 d5 4. Nc3 Be7 5. e3 O-O 6. b3 b6 7. Bd3 Bb7 8. O-O
Nbd7 9. Bb2 c5 10. Qe2 Rc8 11. Rad1 Ne4 12. cxd5 exd5 13. dxc5 Nxc3 14. Bxc3
Nxc5 15. Bb1 Ba6 16. Qb2 Bxf1 17. Bxg7 Ba6 18. Qe5 Bd6 19. Qf5 Kxg7 20. Qxh7+
Kf6 21. Qf5+ Ke7 22. b4 Ne6 23. Qxd5 Bxh2+ 24. Kxh2 Rh8+ 25. Kg3 Qxd5 26. Rxd5
Rcg8+ 0-1

[Event "4NCL Online Division 5"]
[Site "online"]
[Date "2020.05.26"]
[Round "8.82"]
[White "Maton, Emily"]
[Black "Jina, Asha"]
[Result "0-1"]
[WhiteElo "1652"]
[BlackElo "1600"]
[PlyCount "142"]
[EventDate "2020.05.26"]
[WhiteTeam "St Albans 2"]
[BlackTeam "Bristol University B"]

1. g3 Nf6 2. c4 d6 3. Bg2 g6 4. Nc3 Bg7 5. d4 O-O 6. Nf3 Nc6 7. O-O e5 8. dxe5
Nxe5 9. Nxe5 dxe5 10. Bg5 c6 11. Qxd8 Rxd8 12. Ne4 Nxe4 13. Bxd8 Nd2 14. Rfc1
Be6 15. Bg5 Nxc4 16. b3 Na3 17. Be7 Nb5 18. Rab1 e4 19. Bb4 a5 20. Bd2 Na3 21.
Bxe4 Nxb1 22. Rxb1 h5 23. Rd1 a4 24. Bc2 axb3 25. Bxb3 Re8 26. Be3 Bg4 27. Kg2
Bf6 28. Rd6 Be6 29. Bxe6 Rxe6 30. Rd7 Re7 31. Rd6 Be5 32. Rd8+ Kg7 33. Bc5 Re6
34. Bf8+ Kf6 35. Rd3 Re8 36. Rf3+ Ke6 37. Bb4 Bd4 38. Rb3 Ra8 39. e3 Be5 40. a3
b5 41. e4 Bd4 42. Bd2 Rb8 43. a4 Be5 44. axb5 Rxb5 45. Ra3 Bd4 46. Ra6 Rb6 47.
Ra8 Rb2 48. Be1 Re2 49. Bb4 Rxf2+ 50. Kh1 c5 51. Ba5 c4 52. Re8+ Kf6 53. Bd8+
Kg7 54. e5 c3 55. Bf6+ Rxf6 56. exf6+ Kxf6 57. Rc8 Ke5 58. Kg2 Ke4 59. Rc7 f6
60. Rg7 c2 61. Rc7 Kd3 62. Kf3 Kd2 63. h3 c1=Q 64. Rxc1 Kxc1 65. g4 hxg4+ 66.
hxg4 g5 67. Ke4 Be5 68. Kf5 Kd2 69. Ke4 Ke2 70. Kf5 Kf3 71. Kg6 Kxg4 0-1

[Event "4NCL Online Division 5"]
[Site "online"]
[Date "2020.05.26"]
[Round "8.84"]
[White "Kalyviotis, Alexandros"]
[Black "Champken, Jim"]
[Result "1-0"]
[WhiteElo "1600"]
[BlackElo "1217"]
[PlyCount "42"]
[EventDate "2020.05.26"]
[WhiteTeam "St Albans 2"]
[BlackTeam "Bristol University B"]

1. e4 c6 2. Nc3 d5 3. Nf3 dxe4 4. Nxe4 Bf5 5. Ng3 Bg4 6. h3 Bxf3 7. Qxf3 Nf6 8.
Bc4 Nbd7 9. d4 e6 10. O-O a5 11. a4 Nb6 12. Bb3 Qxd4 13. Be3 Qd8 14. Rad1 Qc7
15. Rfe1 Be7 16. Nf5 exf5 17. Bc5 Ne4 18. Rxe4 Nd5 19. Bxd5 cxd5 20. Rxe7+ Qxe7
21. Bxe7 Kxe7 1-0

[Event "4NCL Online Division 5"]
[Site "online"]
[Date "2020.05.26"]
[Round "8.91"]
[White "Sandhu, Manvith"]
[Black "Rizvi, Nasir"]
[Result "1-0"]
[WhiteElo "1885"]
[BlackElo "1989"]
[PlyCount "53"]
[EventDate "2020.05.26"]
[WhiteTeam "Warwickshire Bears B"]
[BlackTeam "4 Gems"]

1. e4 b6 2. d4 Bb7 3. Nc3 g6 4. Nf3 Bg7 5. Bd3 d6 6. O-O e6 7. Be3 Ne7 8. Qd2
h6 9. Rfe1 a6 10. d5 e5 11. h3 f5 12. exf5 gxf5 13. Nh4 f4 14. Bxf4 exf4 15.
Qxf4 Be5 16. Rxe5 dxe5 17. Qxe5 Rg8 18. Bg6+ Rxg6 19. Nxg6 Nd7 20. Qh8+ Kf7 21.
Qh7+ Kf6 22. Ne4+ Kf5 23. Nxe7+ Ke5 24. Qg7+ Kf4 25. g3+ Kxe4 26. Re1+ Kf3 27.
Qg4# 1-0

[Event "4NCL Online Division 5"]
[Site "online"]
[Date "2020.05.26"]
[Round "8.92"]
[White "Whelan, Joseph"]
[Black "Dicen, Elis Denele"]
[Result "0-1"]
[WhiteElo "1358"]
[BlackElo "1697"]
[PlyCount "214"]
[EventDate "2020.05.26"]
[WhiteTeam "4 Gems"]
[BlackTeam "Warwickshire Bears B"]

1. e4 e6 2. d4 d5 3. e5 c5 4. c3 Nc6 5. Nf3 Bd7 6. Be2 cxd4 7. cxd4 Bb4+ 8. Bd2
Bxd2+ 9. Nbxd2 Nge7 10. Nb3 b6 11. Rc1 Ng6 12. Qd2 O-O 13. O-O Rc8 14. a3 f6
15. Bd3 f5 16. Qg5 Qxg5 17. Nxg5 h6 18. Nf3 Nf4 19. Ba6 Rb8 20. g3 Nh5 21. Nh4
Be8 22. Be2 Rc8 23. Bxh5 Bxh5 24. Ng2 Be2 25. Rfe1 Bc4 26. Re3 Bxb3 27. Rxb3
Nxd4 28. Rxc8 Rxc8 29. Rd3 Nc6 30. Rc3 g5 31. Ne1 Ne7 32. Rxc8+ Nxc8 33. Nd3 a5
34. Kg2 Kf7 35. f4 g4 36. Kf2 Na7 37. b4 Ke7 38. bxa5 bxa5 39. Nc5 Nb5 40. a4
Na3 41. Ke2 Nc4 42. Kd3 h5 43. Kc3 Nb6 44. Kd4 Nc4 45. Nb7 Kd7 46. Nc5+ Ke7 47.
Nb7 Nb2 48. Nxa5 Nxa4 49. Nc6+ Kd7 50. Nb8+ Kc8 51. Nc6 Kc7 52. Ne7 Nb6 53. Ng8
Nd7 54. Ke3 Kd8 55. Nh6 Ke8 56. Kd4 Nf8 57. Ng8 Nh7 58. Nh6 Ke7 59. Ng8+ Kf7
60. Nh6+ Kg7 61. Nxf5+ exf5 62. Kxd5 Nf8 63. e6 Ng6 64. e7 Nxe7+ 65. Ke6 Kf8
66. Kf6 Ke8 67. Ke6 Kd8 68. Kd6 Ng6 69. Ke6 Nxf4+ 70. Kxf5 Nh3 71. Kg6 Nf2 72.
Kxh5 Ke7 73. Kg5 Kf7 74. Kf5 Kg7 75. Kg5 Kf7 76. Kf5 Ke7 77. Ke5 Kd7 78. Kd5
Kc7 79. Kc5 Kb7 80. Kd4 Kc6 81. Kc4 Kd6 82. Kd4 Ke6 83. Ke3 Nh3 84. Ke4 Kf6 85.
Kd3 Kg5 86. Ke4 Ng1 87. Ke3 Kf5 88. Kf2 Nh3+ 89. Ke3 Ng5 90. Kf2 Ke4 91. Ke2
Nh3 92. Kf1 Kf3 93. Ke1 Kg2 94. Ke2 Kxh2 95. Kf1 Kxg3 96. Ke2 Kg2 97. Ke1 g3
98. Ke2 Kh1 99. Kf1 g2+ 100. Ke1 g1=Q+ 101. Ke2 Qf2+ 102. Kd1 Kg2 103. Kc1 Kf3
104. Kd1 Ke3 105. Kc1 Kd3 106. Kb1 Kc3 107. Ka1 Qb2# 0-1

[Event "4NCL Online Division 5"]
[Site "online"]
[Date "2020.05.26"]
[Round "8.93"]
[White "Monga, Kanav"]
[Black "Gogia, Abeer"]
[Result "1-0"]
[WhiteElo "1682"]
[BlackElo "1412"]
[PlyCount "69"]
[EventDate "2020.05.26"]
[WhiteTeam "Warwickshire Bears B"]
[BlackTeam "4 Gems"]

1. d4 d5 2. Bf4 Nf6 3. e3 c5 4. c3 Nc6 5. Bd3 e6 6. Nf3 Bd6 7. Bg3 O-O 8. Nbd2
b6 9. Ne5 Bb7 10. O-O Qe7 11. Re1 Nd7 12. Ndf3 Ndxe5 13. Nxe5 Nxe5 14. dxe5 Bc7
15. Qh5 h6 16. Rad1 a5 17. Bc2 Ba6 18. Bh4 Qd7 19. e4 Bd8 20. Bg3 Qc6 21. exd5
exd5 22. Qf5 g6 23. Qg4 h5 24. Qf3 Bb7 25. Qd3 Be7 26. e6 f5 27. Qd2 Rf6 28.
Bh4 d4 29. f3 Rd8 30. Bxf6 Bxf6 31. Qh6 Qe8 32. e7 Rd7 33. Re6 Rxe7 34. Rxe7
Bxe7 35. Bb3+ 1-0

[Event "4NCL Online Division 5"]
[Site "online"]
[Date "2020.05.26"]
[Round "8.94"]
[White "Whelan, Sean"]
[Black "Wong, Tristan"]
[Result "0-1"]
[WhiteElo "1267"]
[BlackElo "1622"]
[PlyCount "86"]
[EventDate "2020.05.26"]
[WhiteTeam "4 Gems"]
[BlackTeam "Warwickshire Bears B"]

1. d4 Nf6 2. Bf4 d6 3. Nf3 Nc6 4. c3 g6 5. e3 Bg7 6. Bd3 Nh5 7. Bg3 Nxg3 8.
hxg3 e5 9. d5 Ne7 10. e4 Bg4 11. Be2 Qd7 12. Nfd2 Bxe2 13. Qxe2 O-O-O 14. c4 f5
15. Nc3 Rdf8 16. Qe3 fxe4 17. Qxa7 Kd8 18. Qb8+ Nc8 19. Ndxe4 Qf5 20. Qxb7 Bf6
21. a4 Ne7 22. a5 Qc8 23. a6 Kd7 24. Qb5+ c6 25. Qb7+ Qxb7 26. axb7 Kc7 27.
Nxf6 Rxf6 28. Ra8 Rff8 29. Ra7 Kb6 30. Ra8 h5 31. dxc6 Rxa8 32. bxa8=Q Rxa8 33.
O-O Kxc6 34. Rb1 Nf5 35. b4 Ra3 36. Ne4 Ra4 37. Nc3 Ra3 38. Nd5 Ra2 39. b5+ Kb7
40. Rb4 Nh6 41. Ne7 Ra1+ 42. Kh2 Ng4+ 43. Kh3 Rh1# 0-1

[Event "4NCL Online Division 5"]
[Site "online"]
[Date "2020.05.26"]
[Round "8.101"]
[White "Dunlop, Anthony"]
[Black "Yogit, S."]
[Result "0-1"]
[WhiteElo "1784"]
[BlackElo "2084"]
[PlyCount "90"]
[EventDate "2020.05.26"]
[WhiteTeam "East Kilbride"]
[BlackTeam "Uxbridge Knights 1"]

1. f4 d5 2. Nf3 c5 3. b3 Nf6 4. Bb2 g6 5. Ne5 Bg7 6. e3 O-O 7. Be2 Nfd7 8. Nxd7
Bxb2 9. Nxf8 Bxa1 10. Nxh7 Kxh7 11. c3 d4 12. Bd3 dxc3 13. dxc3 c4 14. Bxg6+
fxg6 15. Qxd8 Nc6 16. Qd2 Bf5 17. O-O Rd8 18. Qc1 cxb3 19. axb3 Na5 20. b4 Nc4
21. Rd1 Bb2 22. Rxd8 Bxc1 23. g3 Bxe3+ 24. Kf1 Bxb1 25. Rd7 b5 26. Rxe7+ Kg8
27. Ke2 Bb6 28. g4 Kf8 29. Rd7 Ke8 30. Rh7 Nd6 31. h4 Ne4 32. Kd1 Nxc3+ 33. Kc1
Be4 34. Kb2 Nd5 35. Kb3 Nxf4 36. Rh8+ Kf7 37. h5 gxh5 38. gxh5 Kg7 39. Re8 Bd5+
40. Kc3 Nxh5 41. Re5 Nf6 42. Rg5+ Kf7 43. Re5 Bc4 44. Re1 a5 45. Rh1 Nd5+ 0-1

[Event "4NCL Online Division 5"]
[Site "online"]
[Date "2020.05.26"]
[Round "8.102"]
[White "Hughes, Colin"]
[Black "Dobbie, Graham"]
[Result "1-0"]
[WhiteElo "1847"]
[BlackElo "1803"]
[PlyCount "73"]
[EventDate "2020.05.26"]
[WhiteTeam "Uxbridge Knights 1"]
[BlackTeam "East Kilbride"]

1. e4 e5 2. Nf3 Nc6 3. Bb5 Nd4 4. Nxd4 exd4 5. d3 Nf6 6. O-O Bc5 7. f4 c6 8.
Ba4 h5 9. Nd2 b5 10. Bb3 d5 11. e5 Ng4 12. Nf3 Bf5 13. Qe2 Kf8 14. h3 Nh6 15.
Bd2 Qe7 16. a4 Rd8 17. axb5 Rd6 18. bxc6 Rg6 19. Bxd5 Bxh3 20. Ng5 Bg4 21. Qf2
Bb6 22. Be4 Nf5 23. Ra4 h4 24. Bb4 Bc5 25. Bxc5 Qxc5 26. Rfa1 Rxg5 27. fxg5 g6
28. Rc4 Qxe5 29. Bxf5 Bxf5 30. c7 Kg7 31. Re1 Qg3 32. Qxg3 hxg3 33. Rxd4 Rc8
34. Rc4 Be6 35. Rc5 f6 36. gxf6+ Kxf6 37. Rc6 1-0

[Event "4NCL Online Division 5"]
[Site "online"]
[Date "2020.05.26"]
[Round "8.103"]
[White "Shrestha, Deepesh"]
[Black "Colter, Nigel"]
[Result "1/2-1/2"]
[WhiteElo "1200"]
[BlackElo "1780"]
[PlyCount "106"]
[EventDate "2020.05.26"]
[WhiteTeam "East Kilbride"]
[BlackTeam "Uxbridge Knights 1"]

1. d4 d5 2. Bf4 Nf6 3. e3 c5 4. c3 Nc6 5. h3 cxd4 6. exd4 Bf5 7. Bd3 Qd7 8. Nf3
Ne4 9. Qc2 Rc8 10. Ne5 Nb4 11. cxb4 Rxc2 12. Nxd7 Rxb2 13. Nxf8 Kxf8 14. Bxe4
Bxe4 15. O-O Rxb4 16. Nc3 Rxd4 17. Be3 Rc4 18. Nxe4 Rxe4 19. Bxa7 e5 20. Rfb1
Ke7 21. Rxb7+ Ke6 22. a4 d4 23. Rbb1 Ra8 24. Bb6 d3 25. a5 Rc4 26. f3 Kf5 27.
Kf2 Rc2+ 28. Kg3 h5 29. Rd1 h4+ 30. Kh2 Rc6 31. Rxd3 Rxb6 32. axb6 Rxa1 33. Rb3
Ra8 34. b7 Rb8 35. Kg1 Ke6 36. Kf2 Kd6 37. Ke3 f5 38. f4 e4 39. Kd4 Kc6 40. Ke5
e3 41. Rxe3 Rxb7 42. Kxf5 Rb2 43. Kg4 Rxg2+ 44. Kxh4 Kd6 45. Rg3 Rxg3 46. Kxg3
Ke6 47. Kg4 Kf6 48. h4 g6 49. Kg3 Ke6 50. Kg4 Kf6 51. Kf3 Kf5 52. Kg3 Ke6 53.
Kg4 Kf6 1/2-1/2

[Event "4NCL Online Division 5"]
[Site "online"]
[Date "2020.05.26"]
[Round "8.104"]
[White "Knight, David"]
[Black "Tandon, Ashley"]
[Result "1-0"]
[WhiteElo "1735"]
[BlackElo "905"]
[PlyCount "155"]
[EventDate "2020.05.26"]
[WhiteTeam "Uxbridge Knights 1"]
[BlackTeam "East Kilbride"]

1. c4 Nf6 2. Nf3 c5 3. Nc3 e6 4. g3 d5 5. cxd5 exd5 6. d4 c4 7. Bg2 Nc6 8. O-O
Be7 9. b3 Na5 10. bxc4 Nxc4 11. Ne5 O-O 12. Nxc4 dxc4 13. Rb1 Rb8 14. e4 Qa5
15. Qc2 Qd8 16. Bf4 Ra8 17. Rfd1 Nd7 18. Nd5 Nb6 19. Nxb6 axb6 20. Qxc4 Be6 21.
d5 Bg4 22. Rd2 Bc5 23. e5 Rc8 24. Qb3 Bf5 25. Rbb2 Qd7 26. Be3 Bxe3 27. fxe3
Bh3 28. Rb1 Bxg2 29. Kxg2 Rfe8 30. Qxb6 Rxe5 31. Qd4 Ree8 32. e4 h6 33. Qb4 b5
34. Rdb2 Rc4 35. Qxb5 Qxb5 36. Rxb5 Rcxe4 37. R1b2 Re2+ 38. Kh3 Rxb2 39. Rxb2
Rd8 40. Rd2 Kf8 41. a4 Rd7 42. d6 f6 43. Kg4 g6 44. a5 Ke8 45. Kf4 Ra7 46. Rd5
Kd7 47. Ke4 Ra6 48. Kd4 Rc6 49. h3 Rxd6 50. Rxd6+ Kxd6 51. a6 Kc7 52. Kd5 Kb6
53. Ke6 Kxa6 54. Kxf6 g5 55. Kg6 Kb6 56. Kxh6 Kc7 57. Kxg5 Kd7 58. Kg6 Ke8 59.
Kg7 Ke7 60. h4 Ke6 61. h5 Kf5 62. h6 Kg4 63. h7 Kxg3 64. h8=Q Kf4 65. Qh5 Ke3
66. Qg4 Kd3 67. Qf4 Ke2 68. Qg3 Kd2 69. Qf3 Kc2 70. Qe3 Kb2 71. Qd3 Ka2 72. Qc3
Kb1 73. Qd2 Ka1 74. Kf6 Kb1 75. Ke5 Ka1 76. Kd4 Kb1 77. Kc3 Ka1 78. Qb2# 1-0

[Event "4NCL Online Division 5"]
[Site "online"]
[Date "2020.05.26"]
[Round "8.111"]
[White "Valentine, Tim"]
[Black "Kerbel, Sasha"]
[Result "1-0"]
[WhiteElo "1712"]
[BlackElo "1780"]
[PlyCount "57"]
[EventDate "2020.05.26"]
[WhiteTeam "Battersea Pawnbreakers"]
[BlackTeam "Wigston 2"]

1. e4 e5 2. Nf3 Nc6 3. Bb5 Nge7 4. O-O g6 5. c3 Bg7 6. d4 exd4 7. cxd4 O-O 8.
Bg5 a6 9. Ba4 b5 10. Bb3 Bb7 11. Re1 Na5 12. Nbd2 Nxb3 13. Nxb3 f6 14. Bf4 d6
15. Rc1 Rc8 16. d5 f5 17. Nbd4 fxe4 18. Ne6 Qd7 19. Nxf8 Rxf8 20. Rxe4 Nxd5 21.
Qb3 Kh8 22. Bd2 Nb6 23. Rf4 Rxf4 24. Bxf4 Nc4 25. Rxc4 bxc4 26. Qxb7 Qf5 27. g3
Qb1+ 28. Kg2 Qxb2 29. Qc8+ 1-0

[Event "4NCL Online Division 5"]
[Site "online"]
[Date "2020.05.26"]
[Round "8.112"]
[White "Pike, Andrew"]
[Black "Hunt, Arnold"]
[Result "1-0"]
[WhiteElo "1660"]
[BlackElo "1562"]
[PlyCount "119"]
[EventDate "2020.05.26"]
[WhiteTeam "Wigston 2"]
[BlackTeam "Battersea Pawnbreakers"]

1. c4 Nf6 2. d4 d5 3. e3 c6 4. Nc3 e6 5. a3 Nbd7 6. Nf3 Bd6 7. Bd3 O-O 8. O-O
Re8 9. e4 dxe4 10. Nxe4 Bc7 11. Bg5 h6 12. Bh4 e5 13. Nxf6+ Nxf6 14. dxe5 g5
15. Bg3 Nh5 16. e6 Bxe6 17. Bxc7 Qxc7 18. Nxg5 Qf4 19. Nxe6 Rxe6 20. Qxh5 Rae8
21. Qf5 Qxf5 22. Bxf5 Re2 23. b4 Kg7 24. g4 Kf6 25. Rfd1 Kg5 26. Kg2 R8e7 27.
Kg3 Rb2 28. h4+ Kf6 29. Rd6+ Kg7 30. Bd3 Rb3 31. Kg2 Rb2 32. c5 Rd2 33. Rc1 Ra2
34. Rc3 Ra1 35. Rc2 Ree1 36. Rc3 Rh1 37. h5 Rag1+ 38. Kf3 Rh3+ 39. Kf4 Rg2 40.
Rc2 Rhh2 41. Be4 Rxf2+ 42. Rxf2 Rxf2+ 43. Kg3 Ra2 44. Rd3 Re2 45. Bf5 Re7 46.
a4 Kf6 47. Rd7 Re3+ 48. Kf4 Rc3 49. Rxb7 Rc4+ 50. Kf3 a5 51. bxa5 Rxa4 52. Rb6
Rxa5 53. Rxc6+ Kg5 54. Rc7 f6 55. c6 Ra3+ 56. Ke4 Rc3 57. Kd5 Rc1 58. Rg7+ Kf4
59. c7 Rc3 60. c8=Q 1-0

[Event "4NCL Online Division 5"]
[Site "online"]
[Date "2020.05.26"]
[Round "8.113"]
[White "Krovvidi, Raja"]
[Black "Mottram, Paul"]
[Result "0-1"]
[WhiteElo "1495"]
[BlackElo "1570"]
[PlyCount "76"]
[EventDate "2020.05.26"]
[WhiteTeam "Battersea Pawnbreakers"]
[BlackTeam "Wigston 2"]

1. d4 d5 2. g3 Nf6 3. Bg2 c6 4. Nc3 Bf5 5. e3 e6 6. Nf3 Bb4 7. a3 Bxc3+ 8. bxc3
Ne4 9. Bd2 h6 10. Nh4 Bh7 11. f3 Nxd2 12. Kxd2 O-O 13. f4 Nd7 14. Nf3 Be4 15.
h4 Nb6 16. Bf1 Na4 17. Qb1 Bxf3 18. Rh2 Qa5 19. Qb4 Qxb4 20. axb4 Nb6 21. Rf2
Be4 22. g4 Nc4+ 23. Bxc4 dxc4 24. g5 hxg5 25. hxg5 b5 26. Rg1 a5 27. Rg3 axb4
28. cxb4 Ra2 29. Kc3 Rfa8 30. d5 cxd5 31. Rh2 R8a3+ 32. Kd4 Rxc2 33. Rh4 Rd2+
34. Ke5 c3 35. Rgh3 Kf8 36. Rh8+ Ke7 37. Rc8 f6+ 38. gxf6+ gxf6# 0-1

[Event "4NCL Online Division 5"]
[Site "online"]
[Date "2020.05.26"]
[Round "8.114"]
[White "Milligan, Alex"]
[Black "Blackwell, David"]
[Result "1-0"]
[WhiteElo "1487"]
[BlackElo "1307"]
[PlyCount "89"]
[EventDate "2020.05.26"]
[WhiteTeam "Wigston 2"]
[BlackTeam "Battersea Pawnbreakers"]

1. b3 d6 2. Bb2 e5 3. c4 Nf6 4. e3 Be7 5. Nc3 c6 6. d4 exd4 7. Qxd4 Bg4 8. h3
Be6 9. Be2 Qc7 10. Nf3 Nbd7 11. O-O O-O 12. Rad1 a6 13. Ne4 h6 14. Nxd6 Bxd6
15. Qxd6 Qxd6 16. Rxd6 Rad8 17. Rfd1 Rfe8 18. Bxf6 gxf6 19. Nh2 Kf8 20. Ng4 Ke7
21. Nxh6 Nc5 22. Rxd8 Rxd8 23. Rxd8 Kxd8 24. f3 f5 25. Kf2 Ke7 26. Ng8+ Kf8 27.
Nf6 Kg7 28. Nh5+ Kg6 29. Nf4+ Kf6 30. Nxe6 fxe6 31. g4 fxg4 32. fxg4 Nd7 33.
Kg3 e5 34. h4 Kg7 35. g5 Nf8 36. h5 Nh7 37. Kg4 b6 38. Bd3 Nxg5 39. Kxg5 b5 40.
c5 a5 41. Kf5 Kh6 42. Kxe5 Kxh5 43. Kd6 Kg5 44. Kxc6 Kf6 45. Kxb5 1-0